[Event "Juiz de Fora Summer op"]
[Site "Juiz de Fora"]
[Date "2015.08.22"]
[Round "4"]
[White "De Moura, Marcelo Moreira"]
[Black "Supi, Luis Paulo"]
[Result "0-1"]
[WhiteElo "2057"]
[BlackElo "2436"]
[PlyCount "66"]
[EventDate "2015.08.21"]
[EventType "swiss"]
[EventRounds "6"]
[EventCountry "BRA"]
[SourceTitle "EXT 2016"]
[Source "ChessBase"]
[SourceDate "2015.10.08"]
[SourceVersion "1"]
[SourceVersionDate "2015.10.08"]
[SourceQuality "1"]

1. e4 c5 2. d4 cxd4 3. Nf3 Nc6 4. c3 d3 5. Bxd3 g6 6. Bc2 Bg7 7. 0-0 Nf6 8. c4 0-0 9. Bd2 d6 10. Bc3 Bg4 11. Nbd2 Qb6 12. h3 Bxf3 13. Nxf3 Nd7 14. Bxg7 Kxg7 15. Rb1 Nde5 16. Nd2 Qd4 17. Qe2 Nb4 18. Bb3 a5 19. Kh1 a4 20. Bd1 Rfc8 21. a3 Nbd3 22. f4 Nxc4 23. Nxc4 Qxc4 24. b3 Qa6 25. bxa4 Nc5 26. Rb5 Qc6 27. Qb2+ Kg8 28. Bg4 Rc7 29. Rc1 Qxe4 30. Rb4 Qe3 31. Rc3 Nd3 32. Rxd3 Qxd3 33. Bf3 Rc2 0-1